00290nam a2200121Ia 4500008004100000041000800041100001300049245003700062260001800099300000900117520001200126650003000138230818s9999 xx 000 0 und d aeng alilicrap afood and beverage service(9th ed bHodder Arnold a466p aGeneral aFood and Beverage service